000
00256nam a2200109Ia 4500
008
210107s9999 xx 000 0 und d
100
_a
Drucker, Peter
245
0
_a
(The) New realities
260
_a
New York
_b
Harper Business
300
_a
264
942
_c
BK
999
_c
10676
_d
10676